Регионална библиотека "Любен Каравелов" - Русе

За екологичното възпитание на детето (Запис номер 136)

MARC детайли
000 -Лидер
Контролно поле с фиксирана дължина nam a22 a 4500
003 - Код на организацията, давaща контролен номер
Контролно поле BLK
005 - Дата и час на последна редакция
Контролно поле 20230504142101.0
008 - Елементи от данни с фиксирана дължина
fixed length control field 180412b bul|||||r ||||||| ||bul||
010 ## - Наследен системен номер
LC control number KNG00000201000
020 ## - Международен стандартен номер на книга ISBN
Международен стандартен номер на книга ISBN 954-799-182-5
040 ## - Източник на каталожния запис
Идентификатор на билиотеката - собственик на записа BLK
041 ## - Код за език
Код за езика на текст/звукозапис или на отделно заглавие Български
Код за езика КДБФ Български
080 ## - УДК
УДК - код + определител 373.2.016
Текстов определител УДК Предучилищно възпитание
УДК код - определител по УДК 373.2.016
100 1# - Редна дума - Автор
Автор Галчева, Камелия Бориславова
Авторска отговорност първи автор
R(LIN) 241787
139 ## - Редно поле
Редна дума Галчева, Камелия Бориславова
Авторски знак Гал - Г 18
245 10 - Сведения за заглавието
Заглавие За екологичното възпитание на детето
Подзаглавни данни За предучилищна възраст
Редно поле (дума) Камелия Бориславова Галчева.
250 ## - Област на изданието
Сведения за изданието 2. изд.
257 ## - Страна на издаване
Страна на създаване/издаване България
260 ## - Област на издателските данни
Място на издаване, разпространение и проч. София
Име на издателя, разпространителя и проч. Изд. авт.
Година на издаване 1993
300 ## - Физическа характеристика
Страници 127 с.
Илюстрации и др. с табл., сх.
Размери/Мащаб 19 см
380 ## - Жанр
Жанр Обществени науки
500 ## - Общи забележки
Забележка 1. изд. 1993. - Библиогр. след отд. гл. - 1 000 тир.
650 #4 - Допълнително описание по предмет – тема
Основно описание – тема или топоним Екологично възпитание - в детската градина
9 (RLIN) 241788
650 #4 - Допълнително описание по предмет – тема
Основно описание – тема или топоним Предучилищно възпитание
9 (RLIN) 241578
653 ## - Ключова дума – ненормативна
Ключова дума екология
653 ## - Ключова дума – ненормативна
Ключова дума възпитание
653 ## - Ключова дума – ненормативна
Ключова дума деца
653 ## - Ключова дума – ненормативна
Ключова дума предучилищно възпитание
852 ## - Местоположение
Форматна сигнатура Цб 174542
Фондова буква Хранилище
856 4# - Електронен адрес и достъп
Електронен формат pdf - файл
Път до файла /url/
Инструкция (цена за достъп) 0.00
Права за достъп disable
856 4# - Електронен адрес и достъп
Електронен формат pdf - файл
Път до файла /url/
Инструкция (цена за достъп) 0.00
Права за достъп disable
999 ## - СИСТЕМНИ КОНТРОЛНИ НОМЕРА
Koha biblionumber 136
Koha biblioitemnumber 136
942 ## - АРТИКУЛИ
Вид на библиотечния материал Книги
Скрит в OPAC Не
Периодичен библиозапис Да
944 ## - СЪЗДАВАНЕ И РЕДАКЦИЯ на ЗАПИСА
Създаване/Редакция Създаване
Дата на регистрацията/редакция 15.01.2003
Служител, извършил регистрацията/редакцията Геновева_Генчева
944 ## - СЪЗДАВАНЕ И РЕДАКЦИЯ на ЗАПИСА
Създаване/Редакция Редакция
Дата на регистрацията/редакция 20.09.2006
999 ## - СИСТЕМНИ КОНТРОЛНИ НОМЕРА
Koha biblioitemnumber 136
999 ## - СИСТЕМНИ КОНТРОЛНИ НОМЕРА
Koha biblioitemnumber 136
999 ## - СИСТЕМНИ КОНТРОЛНИ НОМЕРА
Koha biblioitemnumber 136
999 ## - СИСТЕМНИ КОНТРОЛНИ НОМЕРА
Koha biblioitemnumber 136
Наличности
Код за отписване Код за изгубен артикул Източник на класификационната схема Код за повреда Коз за рестрикции Код за отдаване Артикулен № Име на библиотеката - собственик Име на библиотеката, в която се намира в момента Статус (Текущо местоположение) Дата на вписване в системата Местоположение - отдел Цена в лева Инвентарен номер Систематично азбучна сигнатура Баркод Номер на екземпляра Цена в евро Служебна бележка Служебен тип на артикула
  Не е изгубен Universal Decimal Classification Не е повреден без рестрикции ползва се в читалня 271 Регионална библиотека "Любен Каравелов" Русе Регионална библиотека "Любен Каравелов" Русе Хранилище 1993-01-01 Хранилище 0.00 583128 Цб 174542 120000583128 1 0.00 Дост: Dp Вид: Д N: 3 Дата: 01.01.1993 Книги
Изтеглен Не е изгубен Universal Decimal Classification Не е повреден без рестрикции заемане за дома 272 Регионална библиотека "Любен Каравелов" Русе Регионална библиотека "Любен Каравелов" Русе Количка 1993-01-01 Заемна - подръчен фонд 0.01 599399 373.2.016/Г 18 К 120000599399 2 0.01 Дост: Dp Вид: Д N: стар фонд Дата: 01.01.1993 Дата инв: 07.02.2018 Бележки инв: П2018 Книги
Vip Innovations Ltd, Rousse, Bulgaria 2025